<?xml version="1.0" encoding="UTF-8"?>
<marc:record xmlns:marc="http://www.loc.gov/MARC21/slim">
   <marc:leader>00000nam a2200000 a 4500</marc:leader>
   <marc:datafield ind1="1" ind2=" " tag="100">
      <marc:subfield code="a">Rossmann, Eva</marc:subfield>
      <marc:subfield code="4">aut</marc:subfield>
      <marc:subfield code="e">Verfasser/-in</marc:subfield>
   </marc:datafield>
   <marc:datafield ind1="0" ind2="0" tag="245">
      <marc:subfield code="a">Männerfallen</marc:subfield>
   </marc:datafield>
   <marc:datafield ind1="0" ind2="0" tag="245">
      <marc:subfield code="b">der 15. Mira-Valensky-Krimi</marc:subfield>
   </marc:datafield>
   <marc:datafield ind1="0" ind2="0" tag="245">
      <marc:subfield code="c">Eva Rossmann</marc:subfield>
   </marc:datafield>
   <marc:datafield ind1=" " ind2="1" tag="264">
      <marc:subfield code="a">Wien</marc:subfield>
      <marc:subfield code="b">Folio-Verl.</marc:subfield>
      <marc:subfield code="c">2013</marc:subfield>
   </marc:datafield>
   <marc:datafield ind1="1" ind2=" " tag="490">
      <marc:subfield code="a">MIra Valensky</marc:subfield>
      <marc:subfield code="v">15</marc:subfield>
   </marc:datafield>
   <marc:datafield ind1="1" ind2=" " tag="520">
      <marc:subfield code="a">Quelle: bn.bibliotheksnachrichten (http://www.biblio.at/literatur/bn/index.html); #Autor: Michaela Grames; #Großartiger Krimi über den öffentlich ausgetragenen Kampf der Geschlechter. (DR)#Dem Autor Thomas Pauer ist mit seinem Buch "So ein Mann" ein Bestseller gelungen. Mit seinen provokanten Thesen, dass Männer das unterdrückte Geschlecht seien und sich endlich wieder durchsetzen müssten, hat der einstige Sportmoderator einen wahren Hype ausgelöst. Während hunderte Bewunderinnen ihm zujubeln, demonstrieren Feministinnen erbittert gegen den Schriftsteller. Die Journalistin Mira Valensky ist nach einem Interview mit Pauer wenig begeistert. Als kurz darauf eine Studentin behauptet, vom berühmten Autor beinahe vergewaltigt worden zu sein, ist Mira eine der ersten am Tatort und avanciert so unfreiwillig zur Pauer-Spezialistin. Als sie dem Autor zu einem Literaturfestival nach Sardinien folgt, um Licht in die Geschehnisse zu bringen, kommt es zur Katastrophe.#Ein großartiger Krimi, in dem Eva Rossmann den Kampf der Geschlechter satirisch auf die Schaufel nimmt. Die authentischen Charaktere, die Spitzzüngigkeit und der Wiener Schmäh der Autorin sowie die homogene Handlung, in der jedes Detail wohl durchdacht scheint, machen dieses Buch zu einem literarischen Leckerbissen für LiebhaberInnen intelligenter Spannung. Sehr zu empfehlen.</marc:subfield>
   </marc:datafield>
   <marc:datafield ind1=" " ind2=" " tag="020">
      <marc:subfield code="a">9783852566290</marc:subfield>
      <marc:subfield code="9">9783852566290</marc:subfield>
   </marc:datafield>
   <marc:datafield ind1=" " ind2=" " tag="041">
      <marc:subfield code="a">ger</marc:subfield>
   </marc:datafield>
   <marc:datafield ind1=" " ind2=" " tag="500">
      <marc:subfield code="a">D/Ö</marc:subfield>
   </marc:datafield>
   <marc:datafield ind1=" " ind2=" " tag="300">
      <marc:subfield code="a">266 S.</marc:subfield>
   </marc:datafield>
</marc:record>
